| 000 | 00721nam a22002297a 4500 | ||
|---|---|---|---|
| 005 | 20170124105951.0 | ||
| 010 | _aA-947331 | ||
| 020 |
_c00.00 _a8185989192 |
||
| 035 | _aA-947331 | ||
| 037 | _bCen Lib/Ret | ||
| 040 |
_aDPL _bEN |
||
| 082 |
_a338.8 _bDWI |
||
| 100 |
_aDwivedi,R.S. _93288 |
||
| 245 |
_aManaging out of bounds : _cby R.S.Dwivedi _bcomparative stories of striving on chaos in the emerging Indian economy / |
||
| 260 |
_aNew Delhi _bGalgotia publishing _c1998 |
||
| 270 |
_a6A/4,WEA,Karol bagh _bNew Delhi _e110005 |
||
| 300 |
_axiv,387p. _c20cm(Hb) |
||
| 500 | _aIncludes index | ||
| 650 |
_aEconomics _962753 |
||
| 650 |
_aEconomic policy _93998 |
||
| 942 |
_2ddc _cEN _h338.8 _mDWI |
||
| 999 |
_c125257 _d125257 |
||